| Tag |
First Indicator |
Second Indicator |
Subfields |
| LEADER |
00000cam a2200000 4500 |
| 001 |
in00000286751 |
| 005 |
20190207094005.0 |
| 008 |
770114s1916 txuc 00010beng |
| 010 |
|
|
|a 17002045
|
| 035 |
|
|
|a (OCoLC)02680128
|
| 035 |
|
|
|9 ABF4253AM
|
| 040 |
|
|
|a DLC
|c TXN
|d TXA
|d UtOrBLW
|
| 049 |
|
|
|a TXAS
|c 1 [7954]
|c 2 [381627]
|
| 050 |
0 |
0 |
|a CT275.S986
|b A6
|
| 100 |
1 |
|
|a Anderson, August.
|
| 245 |
1 |
0 |
|a Hyphenated ;
|b or, The life story of S. M. Swenson /
|c by August Anderson, Q-r.
|
| 264 |
|
1 |
|a [Austin, Tex.] :
|b [E.L. Steck],
|c [1916]
|
| 264 |
|
4 |
|c [©1916]
|
| 300 |
|
|
|a 290 pages :
|b portraits ;
|c 19 cm.
|
| 336 |
|
|
|a text
|b txt
|2 rdacontent
|
| 337 |
|
|
|a unmediated
|b n
|2 rdamedia
|
| 338 |
|
|
|a volume
|b nc
|2 rdacarrier
|
| 500 |
|
|
|a The Cushing Library/Chapman Texas Collection copy is part of the Floyd & Louise Chapman Texas & Borderlands Collection.
|5 TXA
|
| 600 |
1 |
0 |
|a Swenson, S. M.,
|d 1816?-1896.
|
| 999 |
|
|
|a MARS
|
| 999 |
f |
f |
|s 2c324931-51cf-32ef-b209-a817745ae53c
|i e4e1465d-e40c-390b-8785-36c19f04f205
|t 0
|
| 952 |
f |
f |
|p noncirc
|a Texas A&M University
|b College Station
|c Cushing Memorial Library & Archives
|d Cushing: Dykes (Does not check out)
|t 0
|e CT275.S986 A6
|h Library of Congress classification
|i unmediated -- volume
|m A14851706086
|
| 952 |
f |
f |
|p noncirc
|a Texas A&M University
|b College Station
|c Cushing Memorial Library & Archives
|d Cushing: Chapman Texas Collection (Does not check out)
|t 0
|e CT275.S986 A6
|h Library of Congress classification
|i unmediated -- volume
|m A14852118117
|
| 998 |
f |
f |
|a CT275.S986 A6
|t 0
|l Cushing: Chapman Texas Collection (Does not check out)
|
| 998 |
f |
f |
|a CT275.S986 A6
|t 0
|l Cushing: Dykes (Does not check out)
|